000 01783nam a22001817a 4500
999 _c39067
_d39067
020 _a9788119139118
082 _a320.54
_bCOO-E
100 _aCoomaraswamy, Ananda K.
_eauthor.
245 _aEssays in National Idealism
_cBy Ananda K. Coomaraswamy
260 _aNew Delhi :
_bManohar,
_c2023.
300 _aix, 206p.
520 _aEssays in National Idealism covers nationalism through the lens of an artist. Coomaraswamy discusses how nationalism could be expressed through the kaleidoscope of arts. The book describes the revival of Indian art, which was once degenerated. Some of the interesting themes covered include the idea of struggle, the perception of Bharat-Mata, the methodology to study of Indian art, and the influence of the Greeks on Indian art. Similarly, the book touches upon certain issues, such as the concept of education, Swadeshi ideology, Christian missionary activities, understanding Indian music, and the inter-relationship between music and education in India. About the Author Ananda K. Coomaraswamy (22 August 1877–9 September 1947) is a Ceylon-based metaphysician, historian, theorist, and philosopher of Indian art. He brought the Indian tradition of art into the western world. He was also seen as the bridge-maker between western and Indian art and philosophy, as he was much inspired by Hindu and Greco-Roman traditions. His works were influenced by the Traditionalist and Perennial Schools of Philosophy. He authored several books which were based on the traditional arts, metaphysics, and social criticism. He was also the curator of Indian art at the Boston Museum of Fine Arts.
546 _aEnglish
650 _aNationalism
_xPhilosophy
650 _aIdealism
650 _aPatriotism
942 _2ddc
_cBK